000 00670nam a2200289Ia 4500
005 20260324143145.0
008 008 260324s9999 xx 000 0 eng d
020 _a9780429042225
037 _aEBOOK
040 _aCRL
040 _beng
040 _cCRL
041 _2eng
041 _aeng
084 _qCRL
100 _aMajed Halawi
_91214595
245 2 _aA Lebanon Defied
245 0 _bMusa Al-sadr And The Shi'a Community
260 _bTaylor and Francis
260 _c1992
365 _a
365 _b230
856 _uhttp://www.taylorfrancis.com/books/9780429042225
942 _cEBOOK
999 _c1819663
_d1819663